NBA Starting Shooting Guards 1990s - Statistics

General Stats
  • This quiz has been taken 294 times
    274 since last reset
  • The average score is 177 of 280
Answer Stats
TEAM SEASON FIRST NAME LAST NAME % Correct
Chicago 1990-91 Michael Jordan
96%
Chicago 1991-92 Michael Jordan
96%
Chicago 1992-93 Michael Jordan
96%
Chicago 1995-96 Michael Jordan
96%
Chicago 1996-97 Michael Jordan
96%
Chicago 1997-98 Michael Jordan
96%
Indiana 1990-91 Reggie Miller
96%
Indiana 1991-92 Reggie Miller
96%
Indiana 1992-93 Reggie Miller
96%
Indiana 1993-94 Reggie Miller
96%
Indiana 1994-95 Reggie Miller
96%
Indiana 1995-96 Reggie Miller
96%
Indiana 1996-97 Reggie Miller
96%
Indiana 1997-98 Reggie Miller
96%
Indiana 1998-99 Reggie Miller
96%
Indiana 1999-00 Reggie Miller
96%
Houston 1994-95 Clyde Drexler
94%
Houston 1995-96 Clyde Drexler
94%
Houston 1996-97 Clyde Drexler
94%
Houston 1997-98 Clyde Drexler
94%
Portland 1990-91 Clyde Drexler
94%
Portland 1991-92 Clyde Drexler
94%
Portland 1992-93 Clyde Drexler
94%
Portland 1993-94 Clyde Drexler
94%
Portland 1994-95 Clyde Drexler
94%
Atlanta 1990-91 Doc Rivers
92%
LA Lakers 1998-99 Kobe Bryant
90%
LA Lakers 1999-00 Kobe Bryant
90%
Atlanta 1996-97 Steve Smith
86%
Atlanta 1997-98 Steve Smith
86%
Atlanta 1998-99 Steve Smith
86%
Charlotte 1996-97 Tony Smith
86%
Miami 1991-92 Steve Smith
86%
Miami 1992-93 Steve Smith
86%
Miami 1993-94 Steve Smith
86%
Portland 1999-00 Steve Smith
86%
Washington 1992-93 LaBradford Smith
86%
Milwaukee 1996-97 Ray Allen
85%
Milwaukee 1997-98 Ray Allen
85%
Milwaukee 1998-99 Ray Allen
85%
Milwaukee 1999-00 Ray Allen
85%
Denver 1998-99 Chauncey Billups
85%
Charlotte 1999-00 Eddie Jones
84%
LA Lakers 1994-95 Eddie Jones
84%
LA Lakers 1995-96 Eddie Jones
84%
LA Lakers 1996-97 Eddie Jones
84%
LA Lakers 1997-98 Eddie Jones
84%
Golden State 1990-91 Mitch Richmond
84%
Sacramento 1991-92 Mitch Richmond
84%
Sacramento 1992-93 Mitch Richmond
84%
Sacramento 1993-94 Mitch Richmond
84%
Sacramento 1994-95 Mitch Richmond
84%
Sacramento 1995-96 Mitch Richmond
84%
Sacramento 1996-97 Mitch Richmond
84%
Sacramento 1997-98 Mitch Richmond
84%
Washington 1998-99 Mitch Richmond
84%
Washington 1999-00 Mitch Richmond
84%
Boston 1993-94 Dee Brown
82%
Boston 1994-95 Dee Brown
82%
Chicago 1998-99 Randy Brown
82%
Golden State 1992-93 Latrell Sprewell
82%
Golden State 1993-94 Latrell Sprewell
82%
Golden State 1994-95 Latrell Sprewell
82%
Golden State 1995-96 Latrell Sprewell
82%
Golden State 1996-97 Latrell Sprewell
82%
Detroit 1990-91 Joe Dumars
81%
Detroit 1991-92 Joe Dumars
81%
Detroit 1992-93 Joe Dumars
81%
Detroit 1993-94 Joe Dumars
81%
Detroit 1994-95 Joe Dumars
81%
Detroit 1996-97 Joe Dumars
81%
Detroit 1997-98 Joe Dumars
81%
Detroit 1998-99 Joe Dumars
81%
Chicago 1994-95 Ron Harper
81%
LA Clippers 1991-92 Ron Harper
81%
LA Clippers 1992-93 Ron Harper
81%
LA Clippers 1993-94 Ron Harper
81%
Detroit 1995-96 Allan Houston
79%
New York 1996-97 Allan Houston
79%
New York 1997-98 Allan Houston
79%
New York 1998-99 Allan Houston
79%
New York 1999-00 Allan Houston
79%
Golden State 1998-99 John Starks
79%
New York 1992-93 John Starks
79%
New York 1993-94 John Starks
79%
New York 1994-95 John Starks
79%
New York 1995-96 John Starks
79%
Houston 1999-00 Shandon Anderson
78%
LA Clippers 1999-00 Derek Anderson
78%
Orlando 1990-91 Nick Anderson
78%
Orlando 1991-92 Nick Anderson
78%
Orlando 1992-93 Nick Anderson
78%
Orlando 1993-94 Nick Anderson
78%
Orlando 1994-95 Nick Anderson
78%
Orlando 1995-96 Nick Anderson
78%
Orlando 1996-97 Nick Anderson
78%
Orlando 1997-98 Nick Anderson
78%
Orlando 1998-99 Nick Anderson
78%
Sacramento 1999-00 Nick Anderson
78%
San Antonio 1990-91 Willie Anderson
78%
San Antonio 1991-92 Willie Anderson
78%
Atlanta 1999-00 Jim Jackson
78%
Dallas 1992-93 Jim Jackson
78%
Dallas 1993-94 Jim Jackson
78%
Dallas 1994-95 Jim Jackson
78%
Dallas 1995-96 Jim Jackson
78%
Dallas 1996-97 Jim Jackson
78%
Golden State 1997-98 Jim Jackson
78%
Philadelphia 1997-98 Jim Jackson
78%
San Antonio 1997-98 Jaren Jackson
78%
Phoenix 1999-00 Anfernee Hardaway
77%
Philadelphia 1993-94 Jeff Hornacek
77%
Phoenix 1990-91 Jeff Hornacek
77%
Phoenix 1991-92 Jeff Hornacek
77%
Utah 1994-95 Jeff Hornacek
77%
Utah 1995-96 Jeff Hornacek
77%
Utah 1996-97 Jeff Hornacek
77%
Utah 1997-98 Jeff Hornacek
77%
Utah 1998-99 Jeff Hornacek
77%
Utah 1999-00 Jeff Hornacek
77%
Philadelphia 1998-99 Allen Iverson
77%
Philadelphia 1999-00 Allen Iverson
77%
New Jersey 1991-92 Drazen Petrovic
77%
New Jersey 1992-93 Drazen Petrovic
77%
LA Lakers 1990-91 Byron Scott
77%
LA Lakers 1991-92 Byron Scott
77%
LA Lakers 1992-93 Byron Scott
77%
Houston 1990-91 Vernon Maxwell
75%
Houston 1991-92 Vernon Maxwell
75%
Houston 1992-93 Vernon Maxwell
75%
Houston 1993-94 Vernon Maxwell
75%
Charlotte 1993-94 Hersey Hawkins
74%
Charlotte 1994-95 Hersey Hawkins
74%
Chicago 1999-00 Hersey Hawkins
74%
Philadelphia 1990-91 Hersey Hawkins
74%
Philadelphia 1991-92 Hersey Hawkins
74%
Philadelphia 1992-93 Hersey Hawkins
74%
Seattle 1995-96 Hersey Hawkins
74%
Seattle 1996-97 Hersey Hawkins
74%
Seattle 1997-98 Hersey Hawkins
74%
Seattle 1998-99 Hersey Hawkins
74%
Dallas 1990-91 Rolando Blackman
71%
Dallas 1991-92 Rolando Blackman
71%
New Jersey 1996-97 Kerry Kittles
67%
New Jersey 1997-98 Kerry Kittles
67%
New Jersey 1998-99 Kerry Kittles
67%
New Jersey 1999-00 Kerry Kittles
67%
Miami 1998-99 Dan Majerle
67%
Miami 1999-00 Dan Majerle
67%
Phoenix 1992-93 Dan Majerle
67%
Phoenix 1993-94 Dan Majerle
67%
Phoenix 1994-95 Dan Majerle
67%
San Antonio 1994-95 Vinny Del Negro
66%
San Antonio 1995-96 Vinny Del Negro
66%
San Antonio 1996-97 Vinny Del Negro
66%
Milwaukee 1990-91 Alvin Robertson
66%
Milwaukee 1991-92 Alvin Robertson
66%
Toronto 1995-96 Alvin Robertson
66%
Detroit 1999-00 Jerry Stackhouse
65%
Philadelphia 1995-96 Jerry Stackhouse
65%
Philadelphia 1996-97 Jerry Stackhouse
65%
Charlotte 1990-91 Rex Chapman
63%
Miami 1994-95 Rex Chapman
63%
Miami 1995-96 Rex Chapman
63%
Phoenix 1996-97 Rex Chapman
63%
Phoenix 1997-98 Rex Chapman
63%
Phoenix 1998-99 Rex Chapman
63%
Washington 1993-94 Rex Chapman
63%
Charlotte 1991-92 Kendall Gill
63%
Charlotte 1992-93 Kendall Gill
63%
Charlotte 1995-96 Kendall Gill
63%
Seattle 1993-94 Kendall Gill
63%
Seattle 1994-95 Kendall Gill
63%
Dallas 1997-98 Michael Finley
60%
Dallas 1998-99 Michael Finley
60%
Dallas 1999-00 Michael Finley
60%
Phoenix 1995-96 Michael Finley
60%
Houston 1998-99 Cuttino Mobley
60%
Atlanta 1991-92 Stacey Augmon
56%
Atlanta 1992-93 Stacey Augmon
56%
Atlanta 1993-94 Stacey Augmon
56%
Atlanta 1994-95 Stacey Augmon
56%
Atlanta 1995-96 Stacey Augmon
56%
Seattle 1999-00 Brent Barry
56%
Toronto 1996-97 Doug Christie
56%
Toronto 1997-98 Doug Christie
56%
Toronto 1998-99 Doug Christie
56%
Toronto 1999-00 Doug Christie
56%
Golden State 1991-92 Mario Elie
56%
San Antonio 1998-99 Mario Elie
56%
San Antonio 1999-00 Mario Elie
56%
San Antonio 1992-93 Dale Ellis
56%
San Antonio 1993-94 Dale Ellis
56%
Minnesota 1995-96 Isaiah Rider
56%
Portland 1996-97 Isaiah Rider
56%
Portland 1997-98 Isaiah Rider
56%
Portland 1998-99 Isaiah Rider
56%
Boston 1996-97 Eric Williams
55%
Denver 1990-91 Reggie Williams
55%
Denver 1991-92 Reggie Williams
55%
Denver 1992-93 Reggie Williams
55%
Cleveland 1990-91 Craig Ehlo
53%
Cleveland 1991-92 Craig Ehlo
53%
Cleveland 1992-93 Craig Ehlo
53%
Utah 1990-91 Jeff Malone
51%
Utah 1991-92 Jeff Malone
51%
Utah 1992-93 Jeff Malone
51%
Utah 1993-94 Jeff Malone
51%
New York 1990-91 Gerald Wilkins
47%
New York 1991-92 Gerald Wilkins
47%
Miami 1997-98 Voshon Lenard
43%
Milwaukee 1993-94 Blue Edwards
40%
New Jersey 1993-94 Kevin Edwards
40%
New Jersey 1995-96 Kevin Edwards
40%
Vancouver 1995-96 Blue Edwards
40%
Seattle 1991-92 Ricky Pierce
40%
Seattle 1992-93 Ricky Pierce
40%
Seattle 1990-91 Sedale Threatt
38%
Minnesota 1991-92 Doug West
38%
Minnesota 1992-93 Doug West
38%
Minnesota 1993-94 Doug West
38%
Minnesota 1994-95 Doug West
38%
Minnesota 1996-97 Doug West
38%
Washington 1994-95 Calbert Cheaney
36%
Washington 1995-96 Calbert Cheaney
36%
Washington 1996-97 Calbert Cheaney
36%
Washington 1997-98 Calbert Cheaney
36%
LA Lakers 1993-94 Anthony Peeler
36%
Minnesota 1998-99 Anthony Peeler
36%
Vancouver 1996-97 Anthony Peeler
36%
LA Clippers 1997-98 Lamond Murray
34%
Cleveland 1997-98 Wesley Person
34%
Cleveland 1998-99 Wesley Person
34%
LA Clippers 1994-95 Malik Sealy
30%
LA Clippers 1995-96 Malik Sealy
30%
LA Clippers 1996-97 Malik Sealy
30%
Minnesota 1999-00 Malik Sealy
30%
Golden State 1999-00 Larry Hughes
29%
Denver 1993-94 Bryant Stith
29%
Denver 1994-95 Bryant Stith
29%
Denver 1995-96 Bryant Stith
29%
Denver 1996-97 Bryant Stith
29%
Cleveland 1999-00 Bob Sura
29%
Vancouver 1997-98 Sam Mack
27%
Orlando 1999-00 Tariq Abdul-Wahad
25%
Sacramento 1998-99 Tariq Abdul-Wahad
25%
Washington 1990-91 Darrell Walker
25%
Boston 1997-98 Ron Mercer
24%
Boston 1998-99 Ron Mercer
24%
Denver 1999-00 Ron Mercer
24%
Charlotte 1997-98 Bobby Phills
24%
Charlotte 1998-99 Bobby Phills
24%
Cleveland 1993-94 Bobby Phills
24%
Cleveland 1994-95 Bobby Phills
24%
Cleveland 1995-96 Bobby Phills
24%
Cleveland 1996-97 Bobby Phills
24%
Miami 1990-91 Billy Thompson
24%
Milwaukee 1992-93 Todd Day
23%
Milwaukee 1994-95 Todd Day
23%
Boston 1990-91 Kevin Gamble
23%
Boston 1991-92 Kevin Gamble
23%
Boston 1992-93 Kevin Gamble
23%
Boston 1999-00 Adrian Griffin
23%
Portland 1995-96 Aaron McKie
23%
Vancouver 1998-99 Felipe Lopez
22%
New Jersey 1990-91 Reggie Theus
20%
LA Clippers 1990-91 Ken Norman
18%
Vancouver 1999-00 Michael Dickerson
17%
Chicago 1993-94 Pete Myers
17%
Minnesota 1990-91 Tony Campbell
16%
Miami 1996-97 Predrag Danilovic
15%
LA Clippers 1998-99 Eric Piatkowski
14%
New Jersey 1994-95 Rex Walters
14%
Milwaukee 1995-96 Johnny Newman
13%
Washington 1991-92 David Wingate
11%
Denver 1997-98 Eric Washington
8%
Minnesota 1997-98 Chris Carr
6%
Philadelphia 1994-95 Jeff Grayer
6%
Boston 1995-96 Greg Minor
6%
Sacramento 1990-91 Bob Hansen
5%
No matching quizzes found
Score Distribution
Percent of People with Each Score
Percentile by Number Answered
Your Score History
You have not taken this quiz since the last reset